000 00451nam a2200181Ia 4500
008 220204s9999 xx 000 0 und d
082 _a577.1
_bAWA
100 _aAWAPARA, Jorge
245 0 _aIntroduction to biological chemistry
260 _aNew Delhi
_bPrentice Hall
_c1974
650 _aBiological chemistry
650 _aCarbohydrate
650 _aEnzyme
650 _aLipid
650 _aProtein
650 _aUrea formation
942 _cBK
999 _c30258
_d30258